Movies Quiz

Random Movies or Star Wars Quiz

Star Wars Blitz, Letter M Quiz Stats

 Plays Quiz not verified by Sporcle

Challenge
Share
Tweet
Embed
Score 0/15 Timer 02:00
0 Plays Today
Hint Answer % Correct
The Phantom _______Menace
96.2%
Luke describes it as a 'piece of junk'Millennium Falcon
89.6%
Jedi with the purple lightsaberMace Windu
88.5%
What C-3PO got wiped in Episode IIIMemory
82.4%
Chewbacca actor PeterMayhew
81.3%
A wretched hive of scum and villianyMos Eisley
79.1%
Alliance Leader MonMothma
76.4%
Planet where Vader was made much shorter Mustafar
75.3%
Hint Answer % Correct
Uncle Owen's occupationMoisture Farming
68.7%
Indefinite quantity of Bothans who diedMany
68.7%
They chew on power cablesMynocks
47.3%
Blue keyboard man in Jabba's bandMax Rebo
47.3%
She's a bit of an acquired tasteMaz
34.6%
Imperial Admiral who regretfully derided Vader's 'sad devotion'Motti
29.7%
Planet with PodracingMalastare
23.6%

You're not logged in!

Compare scores with friends on all Sporcle quizzes.
OR
Log In

You Might Also Like...

Show Comments

Extras

Created Jul 14, 2017ReportNominate
Tags:Blitz Quiz, Star Wars Quiz

Top Quizzes Today


Score Distribution

Your Account Isn't Verified!

In order to create a playlist on Sporcle, you need to verify the email address you used during registration. Go to your Sporcle Settings to finish the process.

Report this User

Report this user for behavior that violates our Community Guidelines.

Details: